=LDR 00000nam 2200000 4500 =001 NUTBA000000000001902 =005 20140522173054.0 =006 =007 =008 =020 ##$$a 978-979-799-047-3 =035 ##$$a 0010-051400000000367 =040 ##$$a Ind =082 ##$$a 650 =090 ##$$a 650 $bPrip =100 ##$$a Priandarini,Lucia =245 ##$$a Panduan Lengkap Memulai dan Mengelola Usaha di Rumah$bbikin rumah jadi ladang duit$cLucia Priandarini =250 ##$$a Cet.1 =260 ##$$a Tangerang$bTransMedia $c2007 =300 ##$$a ix,273hlm$c23cm. =650 ##$$a Rumah Produksi =850 ##$$a NBPNMAT =990 ##$$a 20903065 =990 ##$$a 21400613/BPAP-NTB/20142014 =990 ##$$a 21400613/BPAP-NTB/20142014